Start with H, ends with S - Statistics

General Stats
  • This quiz has been taken 21 times
  • The average score is 10 of 15
Answer Stats
Question Answer % Correct
His and _____ Hers
100%
Opposite of 'lows' Highs
95%
Elizabeth Taylor had many of these Husbands
95%
Famous Nazi Officer, Hitlers deputy, Rudolf _____ Hess
90%
1066, Battle of _____ Hastings
85%
Scottish 'delicacy' (not for me thanks lol) Haggis
75%
Female beneficiary of a deceased persons estate Heiress
75%
Unable to be assisted Helpless
70%
A colander is full of these Holes
70%
A variant of this, causes coldsores Herpes
55%
Futile Hopeless
55%
Unfortunate Hapless
45%
One who obstructs, does this Hinders
40%
Your 'on these', if you're a candidate in a forthcoming election Hustings
15%
"I'll have a P, please Bob!"... Bob _____ Holness
10%
No matching quizzes found
Score Distribution
Percent of People with Each Score
Percentile by Number Answered
Your Score History
You have not taken this quiz